[Event "Toronto Bayview op 117th"]
[Site "Toronto"]
[Date "2008.07.29"]
[Round "6"]
[White "Stein, Jacob"]
[Black "Armstrong, Robert J"]
[Result "1/2-1/2"]
[WhiteElo "1693"]
[BlackElo "1839"]
[PlyCount "114"]
[EventDate "2008.05.24"]
[EventType "tourn"]
[EventRounds "9"]
[EventCountry "CAN"]
[SourceTitle "EXT 2011"]
[Source "ChessBase"]
[SourceDate "2010.11.26"]
[SourceVersion "1"]
[SourceVersionDate "2010.11.26"]
[SourceQuality "1"]

1. Nf3 g6 2. g3 Bg7 3. Bg2 Nf6 4. 0-0 0-0 5. d3 d6 6. h4 e5 7. c4 c6 8. Qb3 Nbd7 9. Rd1 Nc5 10. Qc2 Bf5 11. b4 Na6 12. Bb2 Nxb4 13. Qb3 Qb6 14. a3 Na6 15. Qxb6 axb6 16. d4 e4 17. Nh2 d5 18. cxd5 cxd5 19. Nc3 Nc7 20. Rdc1 Rfc8 21. e3 Bf8 22. Bf1 Bd6 23. Be2 Bd7 24. a4 Bb4 25. Nb5 Nxb5 26. Rxc8+ Rxc8 27. Bxb5 Bxb5 28. axb5 Ne8 29. Ng4 Kg7 30. Ne5 Nd6 31. Nd7 Ba5 32. Ba3 Nxb5 33. Be7 Rc7 34. Bf6+ Kg8 35. Nxb6 Bb4 36. Nxd5 Rc8 37. Nxb4 Kf8 38. d5 Ke8 39. Rd1 Nd6 40. Kg2 Kd7 41. f3 Rc4 42. Rb1 exf3+ 43. Kxf3 Ne4 44. Nd3 Nd2+ 45. Ke2 Nxb1 46. Ne5+ Kd6 47. Nxc4+ Kxd5 48. Kd3 b5 49. e4+ Ke6 50. Bb2 bxc4+ 51. Kc2 Na3+ 52. Bxa3 Ke5 53. Kc3 Kxe4 54. Kxc4 Kf3 55. Bd6 f6 56. Kd5 Kg4 57. Ke6 g5 1/2-1/2